| 000 | 00720nam a2200193 a 4500 | ||
|---|---|---|---|
| 001 | 000002208 | ||
| 005 | 20200929150155.0 | ||
| 008 | 090701s2004 dr 000 0 spa d | ||
| 040 |
_aDO-SdBNP _bspa _cBNPHU |
||
| 082 |
_a346.074 _bH565e |
||
| 100 | 1 |
_aHerrera Pellerano, Hipólito _97063 |
|
| 245 | 1 | 3 |
_aEl embargo inmobiliario : _bley 6186 de 1963 / _cHipólito Herrera Pellerano ; prólogo Juan Manuel Pellerano Gómez. |
| 260 |
_aSanto Domingo, : _bAsociación Hipólito Herrera Billini, _c2004. |
||
| 300 |
_a153, xlv p. ; _c23 cm. |
||
| 500 | _aIncluye índice | ||
| 500 | _aIncluye notas a pie de páginas | ||
| 650 | 4 |
_aEmbargo preventivo _xLegislación _97064 |
|
| 700 | 1 |
_aPellerano Gómez, Juan Manuel _epról _97065 |
|
| 999 |
_c2056 _d2056 |
||